Medzinárodná úprava kozmického práva bakalárska práca

Enregistré dans:
Détails bibliographiques
Auteur principal: Rajčoková, Nikola
Collectivité auteur: Fakulta medzinárodných vzťahov EU. Katedra medzinárodného práva
Autres auteurs: Harakaľová, Dorota, 1989-
Format: Livre
Langue:slovaque
Publié: Bratislava 2016
Tags: Ajouter un tag
Pas de tags, Soyez le premier à ajouter un tag!

MARC

LEADER 00000nbm a2200000 4500
001 0218171
005 20170131122553.6
041 0 |a slo 
044 |a SK 
245 1 0 |a Medzinárodná úprava kozmického práva  |b bakalárska práca  |c Nikola Rajčoková ; školiteľ: Dorota Harakaľová 
264 1 |a Bratislava  |c 2016 
300 |a 61 s. 
100 1 |a Rajčoková, Nikola 
700 1 |a Harakaľová, Dorota, 1989- 
710 2 |a Fakulta medzinárodných vzťahov EU. Katedra medzinárodného práva